|
|
|
|
| LEADER |
01007nam a2200313 4500 |
| 001 |
DLU110117048 |
| 005 |
##20101221 |
| 040 |
# |
# |
|a DLU
|b eng
|
| 041 |
# |
# |
|a eng
|
| 044 |
# |
# |
|a uk
|
| 100 |
# |
# |
|a Lebreton, Sebastien.
|
| 245 |
# |
# |
|a Sex allocation strategies in response to conspecifics offspring sex ratio in solitary parasitoids /
|c Sebastien Lebreton, Claude Chevrier, Eric Darrouzet.
|
| 653 |
# |
# |
|a Discrimination capacities
|
| 653 |
# |
# |
|a Intraspecific competition
|
| 653 |
# |
# |
|a Oviposition behavior
|
| 653 |
# |
# |
|a Sex ratio games
|
| 653 |
# |
# |
|a Superparasitism
|
| 700 |
# |
# |
|a Chevrier, Claude.
|
| 700 |
# |
# |
|a Darrouzet, Eric.
|
| 773 |
# |
# |
|t Behavioral ecology
|g Vol. 21, no. 1 (January-February 2010), p. 107-112
|
| 920 |
# |
# |
|a Phòng Tạp chí -- Trung tâm Thông tin - Thư viện Trường Đại học Đà Lạt
|
| 994 |
# |
# |
|a DLU
|
| 900 |
# |
# |
|a True
|
| 911 |
# |
# |
|a Trương Bảo Trâm Anh
|
| 925 |
# |
# |
|a G
|
| 926 |
# |
# |
|a A
|
| 927 |
# |
# |
|a BB
|
| 980 |
# |
# |
|a Thư viện Trường Đại học Đà Lạt
|